كيمياء السعادة

Bibliographic Details
Main Authors: غزالي , 1058-1111 (Author), عبد العليم, محمد (Author)
Format: Book
Published: al-Qahirah : Maktabah al-Qur'an , [19--]
Subjects:

MARC

LEADER 00000cam a2200000 7i4500
001 0000005596
005 20091224093000.0
008 021119n
090 0 0 |a B753   |b .G3 
100 0 |a غزالي ,   |d 1058-1111 ,   |e author 
241 2 0 |a Kimiya' al-sa`adah 
245 1 0 |a كيمياء السعادة   |c ابو حامد الغزالي   |f دراسة وتحقيق وتعليق محمد عبد العليم 
260 2 |a al-Qahirah :   |b Maktabah al-Qur'an ,   |c [19--] 
300 |a 64 p. ;   |c 24 cm. 
650 0 |a Islamic philosophy 
650 0 |a Soul 
700 0 |a عبد العليم, محمد ,   |e author 
999 |a 1000013045   |b Book   |c OPEN SHELF (30 DAYS)   |e Gong Badak Campus